000 00310nam a22001217a 4500
008 180427b xxu||||| |||| 00| 0 eng d
041 _aeng
080 _a043.3
100 _a0
101 _aSHKI-BTH
245 _aAnalizimi dhe krahasimi i Teknologjive për Identifikim Biometrik
_cJashari,F
942 _2udc
_cBK
999 _c45651
_d45651